| 000 | 00439cam a2200181ua 4500 | ||
|---|---|---|---|
| 001 | 10984 | ||
| 005 | 20260515114701.0 | ||
| 008 | 190706n ii |||gr||||Z||||||eng | ||
| 020 | _a9789386053268 | ||
| 040 | _cMAIN | ||
| 082 | _a338.5 | ||
| 100 |
_aM S Qureshi, _eAuthor. |
||
| 245 |
_aIntroductory microeconomics _cBy M S Qureshi |
||
| 260 |
_aNew Delhi: _bWisdom press, _c2018. |
||
| 300 | _a220p. | ||
| 653 | _aProduction | ||
| 942 | _cBK | ||
| 999 |
_c9885 _d9885 |
||